000 00919nmc a2200313 a 4500
003 AR-BaBNM
005 20251128204443.0
008 011101s1993 ||||||||||||||000 | spa||
020 _a84-7509-895-9
040 _cAR-BaBNM
100 1 _aHanko, Gerda
245 1 0 _aLas necesidades educativas especiales en las aulas ordinarias
_bprofesores de apoyo
260 _aBarcelona
_bPaidós
_c1993
300 _a197 p.
490 0 _aTemas de educación
_vv. 32
500 _aContiene referencias bibliográficas
650 4 _aFORMACION DE DOCENTES
650 4 _aRELACION ALUMNO-DOCENTE
650 4 _aPSICOLOGIA DE LA EDUCACION
650 4 _aFORMADORES DE DOCENTES
650 4 _aROL DEL DOCENTE
650 4 _aCENTROS DE INTERES
650 4 _aNECESIDADES EDUCACIONALES
650 4 _aCENTROS PEDAGOGICOS
650 4 _aACTIVIDADES EN GRUPO
650 4 _aASESORES PEDAGOGICOS
942 _cBK
998 _cGrace
999 _c7485
_d7485